| 000 | 00629nam a22002057a 4500 | ||
|---|---|---|---|
| 999 |
_c21192 _d21192 |
||
| 003 | AR-CdUCM | ||
| 008 | 190307b ||||| |||| 00| 0 spa d | ||
| 040 |
_aMUNICIPALIDAD PROVINCIAL DEL CUSCO _cBIBLIOTECA MUNICIPAL DEL CUSCO |
||
| 082 |
_a869.56 / V39 _bV39 |
||
| 100 |
_aVelásquez Peláez, Juansebastián _944283 |
||
| 245 | _aAmor soluble / | ||
| 260 |
_aCusco : _bQuisakuro ; _c2013. |
||
| 300 |
_a22 páginas ; _c20 cm. |
||
| 505 | _aContenido: Poesía | ||
| 650 |
_aPoesía cusqueña _92323 |
||
| 650 |
_aLiteratura cusqueña _910596 |
||
| 650 |
_aAutores cusqueños _95505 |
||
| 942 |
_2ddc _cLIBROS |
||
| 945 | _aRoel | ||